<?xml version="1.0" encoding="UTF-8"?>
<marc:record xmlns:marc="http://www.loc.gov/MARC21/slim">
   <marc:leader>00000nam a2200000 a 4500</marc:leader>
   <marc:datafield ind1="1" ind2=" " tag="100">
      <marc:subfield code="a">Baker, Jo</marc:subfield>
      <marc:subfield code="4">aut</marc:subfield>
      <marc:subfield code="e">Verfasser/-in</marc:subfield>
   </marc:datafield>
   <marc:datafield ind1=" " ind2=" " tag="653">
      <marc:subfield code="a">Fiktionale Darstellung</marc:subfield>
   </marc:datafield>
   <marc:datafield ind1=" " ind2=" " tag="653">
      <marc:subfield code="a">Romanhafte Biographien</marc:subfield>
   </marc:datafield>
   <marc:datafield ind1=" " ind2=" " tag="653">
      <marc:subfield code="a">Samuel Beckett</marc:subfield>
   </marc:datafield>
   <marc:datafield ind1=" " ind2=" " tag="653">
      <marc:subfield code="a">James Joyce</marc:subfield>
   </marc:datafield>
   <marc:datafield ind1=" " ind2=" " tag="653">
      <marc:subfield code="a">Suzanne Déchevaux-Dumesnil</marc:subfield>
   </marc:datafield>
   <marc:datafield ind1=" " ind2=" " tag="653">
      <marc:subfield code="a">Marcel Duchamp</marc:subfield>
   </marc:datafield>
   <marc:datafield ind1=" " ind2=" " tag="653">
      <marc:subfield code="a">Warten auf Godot</marc:subfield>
   </marc:datafield>
   <marc:datafield ind1=" " ind2=" " tag="653">
      <marc:subfield code="a">Literaturnobelpreis</marc:subfield>
   </marc:datafield>
   <marc:datafield ind1=" " ind2=" " tag="653">
      <marc:subfield code="a">Résistance</marc:subfield>
   </marc:datafield>
   <marc:datafield ind1="0" ind2="0" tag="245">
      <marc:subfield code="a">Ein Ire in Paris</marc:subfield>
   </marc:datafield>
   <marc:datafield ind1="0" ind2="0" tag="245">
      <marc:subfield code="b">Roman</marc:subfield>
   </marc:datafield>
   <marc:datafield ind1="0" ind2="0" tag="245">
      <marc:subfield code="c">Baker, Jo</marc:subfield>
   </marc:datafield>
   <marc:datafield ind1=" " ind2="1" tag="264">
      <marc:subfield code="a">München</marc:subfield>
      <marc:subfield code="b">Knaus</marc:subfield>
      <marc:subfield code="c">2018</marc:subfield>
   </marc:datafield>
   <marc:datafield ind1=" " ind2=" " tag="250">
      <marc:subfield code="a">1. Auflage</marc:subfield>
   </marc:datafield>
   <marc:datafield ind1="1" ind2=" " tag="520">
      <marc:subfield code="a">Originaltitel ? : ? A Country Road, A Tree&#xD;
&#xD;
Über die Kraft des Schreibens – Samuel Becketts Kriegsjahre&#xD;
&#xD;
Als der Zweite Weltkrieg ausbricht, hält sich der Schriftsteller in seinem Elternhaus in Irland auf. Die Mutter ist froh, sie möchte den Sohn immer in ihrer Nähe wissen. Trotzdem verlässt der junge Mann seine sichere Heimat und kehrt zum Künstlerkreis um James Joyce und Marcel Duchamp und zu seiner Geliebten nach Paris zurück. Als seine Freunde nach und nach verschwinden, schließt er sich der Résistance an. Jo Baker nähert sich dem rätselhaften Samuel Beckett über die dunklen Jahre seiner künstlerischen Anfänge und zeigt, wie die entbehrungsreichen Kriegsjahre und das endlose Warten auf ein Ende sein Werk prägten, das Jahrzehnte später weltbekannt wurde.&#xD;
&#xD;
Pressestimmen&#xD;
»Präzise und eindringlich geschrieben. Wer ‚Ein Ire in Paris‘ liest, versteht, dass diese prägenden Jahre den Erfolg des späteren Literaturnobelpreisträgers begründen.« - Gala&#xD;
&#xD;
»Jo Baker hat mit diesem Roman ein spannendes, sprachmächtiges Meisterwerk geschaffen, das einem die rätselhafte Figur Samuel Beckett und damit auch seine Werke näherbringt.« - Nürnberger Nachrichten, Leonhard F. Seidl&#xD;
&#xD;
»Ausgesprochen lesenswerte Lektüre.« - Ruhr Nachrichten, Britta Helmbold</marc:subfield>
   </marc:datafield>
   <marc:datafield ind1=" " ind2=" " tag="020">
      <marc:subfield code="a">9783813507546</marc:subfield>
      <marc:subfield code="9">9783813507546</marc:subfield>
   </marc:datafield>
   <marc:datafield ind1=" " ind2=" " tag="020">
      <marc:subfield code="a">3813507548</marc:subfield>
      <marc:subfield code="9">3813507548</marc:subfield>
   </marc:datafield>
   <marc:datafield ind1=" " ind2=" " tag="041">
      <marc:subfield code="a">ger</marc:subfield>
   </marc:datafield>
   <marc:datafield ind1=" " ind2=" " tag="338">
      <marc:subfield code="a">Band</marc:subfield>
   </marc:datafield>
   <marc:datafield ind1=" " ind2=" " tag="300">
      <marc:subfield code="a">347 Seiten</marc:subfield>
   </marc:datafield>
</marc:record>
